[Event "Bashkortostan-ch"]
[Site "Tuimazy"]
[Date "2020.02.12"]
[Round "11"]
[White "Lugancev, Viktor"]
[Black "Mullagaliev, Nafis"]
[Result "1-0"]
[WhiteElo "1761"]
[BlackElo "2052"]
[PlyCount "73"]
[EventDate "2020.01.26"]
[EventType "tourn"]
[EventRounds "11"]
[EventCountry "RUS"]
[SourceTitle "CBM 195 Extra"]
[Source "ChessBase"]
[SourceDate "2020.05.31"]
[SourceVersion "1"]
[SourceVersionDate "2020.05.31"]
[SourceQuality "1"]

1. e4 c6 2. d4 d5 3. exd5 cxd5 4. Bd3 Nc6 5. c3 Nf6 6. Bf4 g6 7. Qb3 Bg7 8. Nf3 0-0 9. 0-0 Nh5 10. Be3 f5 11. Na3 f4 12. Bd2 Bg4 13. Qxb7 Na5 14. Qb4 Rb8 15. Qa4 Bxf3 16. gxf3 Rxb2 17. Bc1 Rb8 18. Nc2 Rc8 19. Ba6 Nc4 20. Re1 e5 21. dxe5 Nxe5 22. Nd4 Rxc3 23. Qd1 Qg5+ 24. Kh1 Qh4 25. Bb2 Ng4 26. fxg4 Rh3 27. Nf3 Qxf2 28. Qxd5+ Kh8 29. Bxg7+ Nxg7 30. Rf1 Qb6 31. Bc4 Rd8 32. Qb5 Qf6 33. Ng5 a6 34. Qe5 Qc6+ 35. Kg1 Qxc4 36. Nxh3 Qc8 37. Qxf4 1-0

[Event "Tuimazy-ch"]
[Site "Tuimazy"]
[Date "2019.02.11"]
[Round "10"]
[White "Davletshin, Vener"]
[Black "Mullagaliev, Nafis"]
[Result "1-0"]
[WhiteElo "1693"]
[BlackElo "2095"]
[PlyCount "73"]
[EventDate "2019.01.27"]
[EventType "tourn"]
[EventRounds "11"]
[EventCountry "RUS"]
[SourceTitle "CBM 189 Extra"]
[Source "ChessBase"]
[SourceDate "2019.06.03"]
[SourceVersion "1"]
[SourceVersionDate "2019.06.03"]
[SourceQuality "1"]

1. d4 f5 2. c4 e6 3. Nc3 Nf6 4. Nf3 d5 5. e3 c6 6. Ne5 Bd6 7. f4 0-0 8. Be2 Ne4 9. Nxe4 fxe4 10. 0-0 Nd7 11. b3 Nf6 12. Bd2 Bd7 13. Be1 c5 14. Bc3 Bc6 15. Qd2 Qe7 16. Rab1 Nd7 17. dxc5 Nxe5 18. cxd6 Nf3+ 19. gxf3 Qh4 20. Qe1 Qh6 21. fxe4 dxc4 22. Bf3 cxb3 23. Rxb3 a5 24. Qg3 a4 25. Rb2 Rac8 26. Be5 Rf7 27. h4 Rd7 28. Qg5 Qxg5+ 29. hxg5 g6 30. Rc1 Ra8 31. a3 Rc8 32. Rb4 Ra8 33. Kf2 Kf7 34. Be2 Ra5 35. Rd4 Ra8 36. Bc4 Ra5 37. Rh1 1-0

[Event "Tuimazy-ch"]
[Site "Tuimazy"]
[Date "2019.02.06"]
[Round "7"]
[White "Mullagaliev, Nafis"]
[Black "Evstafyev, Georgy"]
[Result "1-0"]
[WhiteElo "2095"]
[BlackElo "1739"]
[PlyCount "95"]
[EventDate "2019.01.27"]
[EventType "tourn"]
[EventRounds "11"]
[EventCountry "RUS"]
[SourceTitle "CBM 189 Extra"]
[Source "ChessBase"]
[SourceDate "2019.06.03"]
[SourceVersion "1"]
[SourceVersionDate "2019.06.03"]
[SourceQuality "1"]

1. f4 d5 2. Nf3 Nf6 3. e3 c6 4. b3 g6 5. Bb2 Bg7 6. Be2 0-0 7. 0-0 Nbd7 8. Qe1 Ne4 9. Bxg7 Kxg7 10. d3 Nd6 11. Nbd2 Nf6 12. Bd1 Qb6 13. Kh1 Nf5 14. e4 Ne3 15. Rf2 d4 16. Ne5 Qb4 17. Ndf3 Qc5 18. b4 Qb6 19. Nc4 Nxc4 20. dxc4 c5 21. a3 Ng4 22. Rd2 Ne3 23. bxc5 Qb2 24. Be2 Nxc2 25. Rb1 Qc3 26. Qd1 Ne3 27. Qb3 Be6 28. Rxd4 Qxb3 29. Rxb3 Ng4 30. Ng5 Bc8 31. Bxg4 Bxg4 32. Rxb7 Rab8 33. Rxb8 Rxb8 34. h3 Bc8 35. Rd8 Rb1+ 36. Kh2 Ba6 37. Ra8 Rb7 38. c6 Rc7 39. Nf3 Bxc4 40. Nd4 Bd3 41. Rd8 Bxe4 42. Rd7 Rc8 43. c7 a6 44. g4 e6 45. Nxe6+ Kf6 46. Nc5 Bc2 47. g5+ Kg7 48. Ne6+ 1-0

[Event "Tuimazy-ch"]
[Site "Tuimazy"]
[Date "2019.02.04"]
[Round "6"]
[White "Bigalin, Ilnar"]
[Black "Mullagaliev, Nafis"]
[Result "1/2-1/2"]
[WhiteElo "1746"]
[BlackElo "2095"]
[PlyCount "99"]
[EventDate "2019.01.27"]
[EventType "tourn"]
[EventRounds "11"]
[EventCountry "RUS"]
[SourceTitle "CBM 189 Extra"]
[Source "ChessBase"]
[SourceDate "2019.06.03"]
[SourceVersion "1"]
[SourceVersionDate "2019.06.03"]
[SourceQuality "1"]

1. e4 c6 2. d4 d5 3. e5 Bf5 4. Nc3 a6 5. Nf3 e6 6. Bd3 Bxd3 7. Qxd3 c5 8. Ne2 Nc6 9. c3 Qb6 10. 0-0 cxd4 11. cxd4 Nge7 12. Ng3 Ng6 13. Bd2 Be7 14. a3 0-0 15. b4 Nh4 16. Nxh4 Bxh4 17. Ne2 Be7 18. f4 f5 19. Kh1 Rfc8 20. Rg1 Qb5 21. Qf3 Bf8 22. g4 Ne7 23. g5 Rc4 24. Rac1 Rac8 25. Kg2 Rc2 26. Qe3 R2c4 27. Rc3 Qe8 28. Rgc1 b5 29. Qf3 Qd7 30. Qh5 Ng6 31. Rh3 Rxc1 32. Qxh7+ Kf7 33. Bxc1 Rxc1 34. Rh6 Rc2 35. Kf3 Ne7 36. Rf6+ Ke8 37. Qh5+ Kd8 38. Rxf8+ Kc7 39. Rf7 Kb6 40. Qh8 Qc7 41. Qe8 Rxe2 42. Qxe7 Qc3+ 43. Kxe2 Qc2+ 44. Ke3 Qe4+ 45. Kd2 Qxd4+ 46. Kc2 Qc4+ 47. Kb2 Qe2+ 48. Kb3 Qd1+ 49. Kb2 Qe2+ 50. Kb3 1/2-1/2

[Event "Tuimazy-ch"]
[Site "Tuimazy"]
[Date "2019.01.28"]
[Round "3"]
[White "Tazetdinov, Munir"]
[Black "Mullagaliev, Nafis"]
[Result "0-1"]
[WhiteElo "1817"]
[BlackElo "2095"]
[PlyCount "82"]
[EventDate "2019.01.27"]
[EventType "tourn"]
[EventRounds "11"]
[EventCountry "RUS"]
[SourceTitle "CBM 189 Extra"]
[Source "ChessBase"]
[SourceDate "2019.06.03"]
[SourceVersion "1"]
[SourceVersionDate "2019.06.03"]
[SourceQuality "1"]

1. d4 d5 2. c4 e6 3. Nf3 c6 4. g3 dxc4 5. Bg2 Nf6 6. 0-0 Bd6 7. Qc2 b5 8. a4 Bb7 9. Rd1 Qb6 10. e4 Be7 11. Be3 Na6 12. Na3 Nb4 13. Qb1 Ng4 14. Nc2 Nd3 15. Nfe1 Nxe1 16. Nxe1 Nxe3 17. fxe3 0-0 18. Qc2 Rfd8 19. Qf2 a6 20. Nc2 c5 21. d5 Bf6 22. Na3 Rab8 23. Rab1 Qa5 24. Qf4 e5 25. Qf2 Qxa4 26. Qe1 Qb4 27. Qe2 Qa5 28. Rbc1 Qc7 29. Rf1 Bc8 30. Qh5 Qd7 31. h3 g6 32. Qf3 Bg7 33. g4 Rf8 34. Rc2 a5 35. Qg3 a4 36. Kh1 Ba6 37. h4 c3 38. Rfc1 b4 39. Nb1 cxb2 40. Rxb2 a3 41. Rd2 c4 0-1

[Event "Tuimazy-ch"]
[Site "Tuimazy"]
[Date "2019.01.27"]
[Round "1"]
[White "Azhbiev, Usman"]
[Black "Mullagaliev, Nafis"]
[Result "0-1"]
[WhiteElo "1490"]
[BlackElo "2095"]
[PlyCount "106"]
[EventDate "2019.01.27"]
[EventType "tourn"]
[EventRounds "11"]
[EventCountry "RUS"]
[SourceTitle "CBM 189 Extra"]
[Source "ChessBase"]
[SourceDate "2019.06.03"]
[SourceVersion "1"]
[SourceVersionDate "2019.06.03"]
[SourceQuality "1"]

1. e4 c6 2. d4 d5 3. exd5 cxd5 4. Nc3 Nf6 5. Nf3 Bg4 6. Be2 e6 7. a3 Be7 8. Be3 Nc6 9. Ne5 Bxe2 10. Qxe2 0-0 11. Nxc6 bxc6 12. 0-0 Bd6 13. h3 h6 14. Qa6 Qd7 15. Ne2 Rfb8 16. b4 Qc7 17. Qd3 a5 18. c3 Nd7 19. bxa5 Rxa5 20. c4 dxc4 21. Qxc4 Nb6 22. Qd3 Rba8 23. Bc1 Nd5 24. Bb2 Qa7 25. Rfc1 Ne7 26. Qc3 Bxa3 27. Bxa3 Rxa3 28. Rxa3 Qxa3 29. Qc2 Rb8 30. Qe4 Rb2 31. Rf1 Nd5 32. Ng3 Qd6 33. Ra1 g6 34. Ra8+ Rb8 35. Ra1 h5 36. Qd3 Nf4 37. Qc4 Qd5 38. Qxd5 cxd5 39. Rd1 h4 40. Nf1 Ne2+ 41. Kh2 Rb4 42. Ne3 Rxd4 43. Ra1 Nc3 44. Ng4 Ne4 45. Ra8+ Kg7 46. Ra7 Rd2 47. f3 Ng3 48. Ra1 Re2 49. f4 Re4 50. Ne5 Rxf4 51. Nf3 Nf5 52. Ra7 Nd4 53. Ne5 Rf5 0-1

[Event "Bashkortostan-ch"]
[Site "Ufa"]
[Date "2018.12.22"]
[Round "7"]
[White "Mukhutdinov, Tigran"]
[Black "Mullagaliev, Nafis"]
[Result "1-0"]
[WhiteElo "2251"]
[BlackElo "2115"]
[PlyCount "91"]
[EventDate "2018.12.16"]
[EventType "tourn"]
[EventRounds "9"]
[EventCountry "RUS"]
[SourceTitle "CBM 188 Extra"]
[Source "ChessBase"]
[SourceDate "2019.02.26"]
[SourceVersion "1"]
[SourceVersionDate "2019.02.26"]
[SourceQuality "1"]

1. Nf3 d5 2. g3 c6 3. Bg2 Bg4 4. 0-0 e6 5. d3 Nf6 6. Nbd2 Be7 7. c4 0-0 8. h3 Bh5 9. g4 Bg6 10. Ne5 Nbd7 11. Nxg6 hxg6 12. b3 a5 13. a3 Qc7 14. Bb2 Rfd8 15. Qc2 Rac8 16. Rfe1 Qb8 17. Qc3 b6 18. Rad1 Ne8 19. Qc2 Bf6 20. b4 axb4 21. axb4 Qd6 22. Bxf6 Nexf6 23. Qb2 Ra8 24. b5 cxb5 25. Qxb5 Ra5 26. Qb2 Rda8 27. cxd5 Ra2 28. Qd4 Nxd5 29. Nc4 Qc5 30. Qxc5 bxc5 31. Rb1 R8a7 32. e3 Nb4 33. Bf1 Nc2 34. Re2 Nb4 35. Rxa2 Rxa2 36. d4 Nc6 37. Nb6 Nf6 38. dxc5 Rc2 39. Rb5 Rc1 40. Nc4 Nd7 41. f4 e5 42. Rb7 Rd1 43. Rc7 Nb4 44. c6 Nc5 45. Rc8+ Kh7 46. c7 1-0

[Event "Bashkortostan-ch"]
[Site "Ufa"]
[Date "2018.12.20"]
[Round "5"]
[White "Imashev, Ildar"]
[Black "Mullagaliev, Nafis"]
[Result "0-1"]
[WhiteElo "2236"]
[BlackElo "2115"]
[PlyCount "90"]
[EventDate "2018.12.16"]
[EventType "tourn"]
[EventRounds "9"]
[EventCountry "RUS"]
[SourceTitle "CBM 188 Extra"]
[Source "ChessBase"]
[SourceDate "2019.02.26"]
[SourceVersion "1"]
[SourceVersionDate "2019.02.26"]
[SourceQuality "1"]

1. c4 c6 2. Nf3 Nf6 3. g3 d5 4. Bg2 dxc4 5. 0-0 Nbd7 6. Qc2 Nb6 7. a4 g6 8. a5 Bf5 9. Qc3 Nbd5 10. Qxc4 Bxb1 11. Rxb1 Qxa5 12. b4 Qb5 13. Qh4 Bg7 14. e4 Nc7 15. d4 h6 16. Ne5 Rd8 17. Be3 Nd7 18. Nxf7 Bf6 19. Qf4 Ne6 20. Qf3 Kxf7 21. e5 Kg7 22. exf6+ Nxf6 23. Rfe1 Qf5 24. Bxh6+ Kf7 25. Qxf5 gxf5 26. Be3 a6 27. Rbd1 Nd5 28. Bd2 Nec7 29. h4 e6 30. Bf3 Nb5 31. Bg5 Nf6 32. Be3 Rd7 33. Rd2 Nd5 34. Rb1 f4 35. gxf4 Rxh4 36. Kg2 Kf6 37. Kg3 Rh8 38. Bg2 Rg7+ 39. Kf3 Rh2 40. Bf1 Rg1 41. Rc1 Nxb4 42. d5 Nxd5 43. Bc5 Rh3+ 44. Ke4 Nbc3+ 45. Rxc3 Nxc3+ 0-1

[Event "Bashkortostan-ch"]
[Site "Ufa"]
[Date "2018.12.19"]
[Round "4"]
[White "Mullagaliev, Nafis"]
[Black "Norkin, Yaks"]
[Result "1-0"]
[WhiteElo "2115"]
[BlackElo "1759"]
[PlyCount "77"]
[EventDate "2018.12.16"]
[EventType "tourn"]
[EventRounds "9"]
[EventCountry "RUS"]
[SourceTitle "CBM 188 Extra"]
[Source "ChessBase"]
[SourceDate "2019.02.26"]
[SourceVersion "1"]
[SourceVersionDate "2019.02.26"]
[SourceQuality "1"]

1. d4 Nf6 2. Bg5 d5 3. e3 e6 4. Bd3 c5 5. c3 c4 6. Bc2 Bd6 7. Nd2 Qc7 8. f4 Nbd7 9. Ngf3 b6 10. Ne5 Bb7 11. Ba4 0-0 12. 0-0 a6 13. Bc2 b5 14. Nxd7 Nxd7 15. Rf3 f5 16. Rh3 Nf6 17. Qe1 Ne4 18. Nf3 b4 19. Qh4 g6 20. cxb4 Bc6 21. Bxe4 dxe4 22. Ne5 Be8 23. Rc1 Bxe5 24. Rxc4 Qd7 25. fxe5 Rf7 26. Bf6 Qa4 27. Rc1 Qxb4 28. Qg3 Rb7 29. Qf2 Qxb2 30. Qxb2 Rxb2 31. Rc7 h5 32. Rg3 Rb1+ 33. Kf2 Rab8 34. Rg5 R1b2+ 35. Kg3 Rxa2 36. d5 Rab2 37. Rg7+ Kf8 38. dxe6 Bc6 39. R5xg6 1-0

[Event "Bashkortostan-ch"]
[Site "Ufa"]
[Date "2018.12.18"]
[Round "3"]
[White "Mullagaliev, Nafis"]
[Black "Gumenniy, Evgeny"]
[Result "0-1"]
[WhiteElo "2115"]
[BlackElo "1983"]
[PlyCount "72"]
[EventDate "2018.12.16"]
[EventType "tourn"]
[EventRounds "9"]
[EventCountry "RUS"]
[SourceTitle "CBM 188 Extra"]
[Source "ChessBase"]
[SourceDate "2019.02.26"]
[SourceVersion "1"]
[SourceVersionDate "2019.02.26"]
[SourceQuality "1"]

1. d4 d5 2. Bg5 Bf5 3. e3 h6 4. Bh4 Nf6 5. Bd3 Ne4 6. f3 g5 7. Bg3 Nxg3 8. hxg3 Bxd3 9. Qxd3 Bg7 10. g4 Qd6 11. Ne2 Nd7 12. Nbc3 c6 13. e4 0-0-0 14. exd5 cxd5 15. 0-0-0 e6 16. Nb5 Qb6 17. Ng3 Kb8 18. Nh5 Bf8 19. Qb3 a6 20. Nc3 Qc7 21. Na4 b5 22. Nc3 Ka7 23. a4 b4 24. Na2 Rb8 25. Qe3 b3 26. Nc3 bxc2 27. Rd2 Qb7 28. Rxc2 Nb6 29. Qe5 Bb4 30. b3 Rhc8 31. Na2 Ba3+ 32. Kd1 Rxc2 33. Kxc2 Rc8+ 34. Kd2 Qc6 35. Qe2 Qc2+ 36. Ke3 Qxb3+ 0-1

[Event "Tuimazy-ch"]
[Site "Tuimazy"]
[Date "2018.02.02"]
[Round "5"]
[White "Lugancev, Viktor"]
[Black "Mullagaliev, Nafis"]
[Result "1-0"]
[WhiteElo "1717"]
[BlackElo "2074"]
[PlyCount "107"]
[EventDate "2018.01.28"]
[EventType "tourn"]
[EventRounds "11"]
[EventCountry "RUS"]
[SourceTitle "EXT 2019"]
[Source "ChessBase"]
[SourceDate "2018.10.10"]
[SourceVersion "1"]
[SourceVersionDate "2018.10.10"]
[SourceQuality "1"]

1. e4 c6 2. d4 d5 3. exd5 cxd5 4. Bd3 Nc6 5. c3 Nf6 6. Bf4 g6 7. Nf3 Bf5 8. Bxf5 gxf5 9. Na3 Nh5 10. Bd2 e6 11. Qb3 Qc8 12. 0-0-0 Bg7 13. Kb1 a6 14. Qb6 0-0 15. Rhg1 Nf6 16. Bf4 Ne4 17. Rdf1 f6 18. Ne1 e5 19. Bc1 Re8 20. f3 Nd6 21. Nd3 Qd8 22. Qb3 Nf7 23. dxe5 fxe5 24. Qxb7 Na5 25. Qb4 Rb8 26. Qa4 e4 27. fxe4 fxe4 28. Nb4 e3 29. Nac2 Nc4 30. Qxa6 Rb6 31. Qa4 Qb8 32. Rd1 d4 33. cxd4 e2 34. Rde1 Bxd4 35. a3 Bxg1 36. Rxg1 Re7 37. Re1 Qb7 38. Qb3 Qe4 39. Ka1 Na5 40. Qc3 Nd6 41. Bh6 Nb5 42. Qg3+ Kh8 43. Be3 Nb3+ 44. Kb1 N5d4 45. Qf2 Kg8 46. Bxd4 Rd6 47. Qg3+ Qg6 48. Qxb3+ Kf8 49. Ka2 Qxg2 50. Qc4 Qe4 51. Qc5 Qe6+ 52. b3 Re8 53. Qh5 Qg6 54. Qf3+ 1-0

[Event "Tuimazy-ch"]
[Site "Tuimazy"]
[Date "2018.01.28"]
[Round "1"]
[White "Azhbiev, Usman"]
[Black "Mullagaliev, Nafis"]
[Result "0-1"]
[WhiteElo "1474"]
[BlackElo "2074"]
[PlyCount "72"]
[EventDate "2018.01.28"]
[EventType "tourn"]
[EventRounds "11"]
[EventCountry "RUS"]
[SourceTitle "EXT 2019"]
[Source "ChessBase"]
[SourceDate "2018.10.10"]
[SourceVersion "1"]
[SourceVersionDate "2018.10.10"]
[SourceQuality "1"]

1. e4 c6 2. d4 d5 3. exd5 cxd5 4. Be3 Nf6 5. h3 Bf5 6. Bd3 Bg6 7. a3 e6 8. Ne2 Qb6 9. Nbc3 Nc6 10. 0-0 Bd6 11. Nb5 Bb8 12. b4 a5 13. bxa5 Nxa5 14. Rb1 0-0 15. Qd2 Rc8 16. Rfc1 Nc4 17. Bxc4 Rxc4 18. Bf4 Ne4 19. Qe3 Qc6 20. Bxb8 Rxb8 21. f3 Nf6 22. Qf4 e5 23. Qe3 e4 24. Qf4 Rd8 25. Rb2 exf3 26. gxf3 Nh5 27. Qd2 Qf6 28. Rb3 Rdc8 29. Qe3 h6 30. c3 R4c6 31. Re1 Bc2 32. Rb2 Qh4 33. Kh2 Qxe1 34. Rxc2 Re6 35. Qd2 Qf2+ 36. Kh1 Rxe2 0-1

[Event "Tuimazy-ch Men"]
[Site "Tuimazy"]
[Date "2017.02.04"]
[Round "5"]
[White "Mullagaliev, Nafis"]
[Black "Zemlyanov, Nikita Anatolievich"]
[Result "0-1"]
[WhiteElo "2062"]
[BlackElo "2056"]
[PlyCount "72"]
[EventDate "2017.01.24"]
[EventType "tourn"]
[EventRounds "11"]
[EventCountry "RUS"]
[SourceTitle "EXT 2022"]
[Source "ChessBase"]
[SourceDate "2021.10.06"]
[SourceVersion "1"]
[SourceVersionDate "2021.10.06"]
[SourceQuality "1"]

1. d4 Nf6 2. Bg5 d6 3. e3 g6 4. Bxf6 exf6 5. Bd3 f5 6. Qf3 Bg7 7. Nd2 Nd7 8. Ne2 Nf6 9. Nf4 c6 10. h4 h5 11. 0-0-0 d5 12. Kb1 b5 13. Qe2 0-0 14. Nf3 Ng4 15. Ng5 Re8 16. Qd2 a5 17. Rde1 Qd6 18. f3 Nf6 19. Qf2 Re7 20. Qg3 Qc7 21. Rhf1 b4 22. e4 dxe4 23. fxe4 fxe4 24. Nxe4 Nxe4 25. Bxe4 Ba6 26. Bd3 Bxd3 27. cxd3 Rxe1+ 28. Rxe1 Bxd4 29. Qf3 Rd8 30. g4 Be5 31. Nh3 hxg4 32. Qxg4 Rxd3 33. Ng5 Rd2 34. Qc4 Rxb2+ 35. Kc1 Qd7 36. Rd1 Rb1+ 0-1

[Event "Tuimazy-ch Men"]
[Site "Tuimazy"]
[Date "2017.01.26"]
[Round "2"]
[White "Lugancev, Viktor"]
[Black "Mullagaliev, Nafis"]
[Result "1-0"]
[WhiteElo "1683"]
[BlackElo "2062"]
[PlyCount "89"]
[EventDate "2017.01.24"]
[EventType "tourn"]
[EventRounds "11"]
[EventCountry "RUS"]
[SourceTitle "EXT 2022"]
[Source "ChessBase"]
[SourceDate "2021.10.06"]
[SourceVersion "1"]
[SourceVersionDate "2021.10.06"]
[SourceQuality "1"]

1. e4 c6 2. d4 d5 3. exd5 cxd5 4. Bd3 Nc6 5. c3 Nf6 6. Bf4 Bg4 7. Qb3 Qc8 8. Nf3 Bxf3 9. gxf3 e6 10. h4 Be7 11. h5 0-0 12. Nd2 a6 13. Qc2 Qd7 14. Be5 h6 15. f4 Rfc8 16. Qd1 Nh7 17. Rg1 Nxe5 18. fxe5 f5 19. exf6 Nxf6 20. Nf3 Bd6 21. Ne5 Qc7 22. f4 b5 23. Qf3 b4 24. c4 Bxe5 25. fxe5 Ne4 26. cxd5 exd5 27. Bxe4 dxe4 28. Qxe4 Qa5 29. Qb7 Qc7 30. Qxc7 Rxc7 31. Kd2 Rc4 32. Kd3 Rac8 33. Rg2 R4c7 34. Rag1 a5 35. d5 g5 36. hxg6 Rc5 37. Kd4 Rc4+ 38. Ke3 R4c5 39. Rd1 Rd8 40. Ke4 Rc4+ 41. Rd4 Rc1 42. d6 Kg7 43. Kd5 Rdc8 44. d7 R1c5+ 45. Ke6 1-0

[Event "Tuimazy-ch Men"]
[Site "Tuimazy"]
[Date "2017.01.24"]
[Round "1"]
[White "Mullagaliev, Nafis"]
[Black "Evstafyev, Georgy"]
[Result "1-0"]
[WhiteElo "2062"]
[BlackElo "1452"]
[PlyCount "73"]
[EventDate "2017.01.24"]
[EventType "tourn"]
[EventRounds "11"]
[EventCountry "RUS"]
[SourceTitle "EXT 2022"]
[Source "ChessBase"]
[SourceDate "2021.10.06"]
[SourceVersion "1"]
[SourceVersionDate "2021.10.06"]
[SourceQuality "1"]

1. d4 d5 2. Bg5 h6 3. Bh4 c6 4. e3 Qb6 5. b3 Bf5 6. Bd3 Bxd3 7. Qxd3 e6 8. f4 Ne7 9. Nf3 Nf5 10. Bf2 Nd7 11. 0-0 Bd6 12. c4 Bb8 13. Nc3 0-0 14. cxd5 cxd5 15. Nxd5 exd5 16. Qxf5 Nf6 17. Bh4 Qe6 18. Qxe6 fxe6 19. Bxf6 gxf6 20. Rac1 Bd6 21. f5 e5 22. dxe5 fxe5 23. Nh4 Kg7 24. Rfd1 Be7 25. Ng6 Bg5 26. Nxf8 Bxe3+ 27. Kf1 Bxc1 28. Ne6+ Kf6 29. Rxc1 Kxf5 30. Ng7+ Kg6 31. Rc7 b6 32. g4 Rf8+ 33. Ke2 a5 34. Nf5 Rb8 35. Rc6+ Kg5 36. Kf3 h5 37. h4# 1-0

[Event "Tuimazy-ch"]
[Site "Tuimazy"]
[Date "2016.02.14"]
[Round "13"]
[White "Gafarov, Damir"]
[Black "Mullagaliev, Nafis"]
[Result "0-1"]
[WhiteElo "1806"]
[BlackElo "2055"]
[PlyCount "50"]
[EventDate "2016.01.19"]
[EventType "tourn"]
[EventRounds "13"]
[EventCountry "RUS"]
[SourceTitle "CBM 170 Extra"]
[Source "ChessBase"]
[SourceDate "2016.02.25"]
[SourceVersion "1"]
[SourceVersionDate "2016.02.25"]
[SourceQuality "1"]

1. e4 c6 2. d4 d5 3. e5 Bf5 4. Nc3 Qb6 5. g4 Bd7 6. h3 e6 7. Nge2 c5 8. Be3 Nc6 9. Rb1 f6 10. f4 fxe5 11. fxe5 Be7 12. h4 0-0-0 13. a3 Nh6 14. Bxh6 gxh6 15. Na4 Qa5+ 16. c3 Nxe5 17. Nxc5 Nf3+ 18. Kf2 Rhf8 19. Nxd7 Rxd7 20. Kg2 Nxh4+ 21. Kg1 Bg5 22. Bg2 Be3+ 23. Kh2 Qc7+ 24. Ng3 Bf2 25. Qd3 Rf3 0-1

[Event "Tuimazy-ch"]
[Site "Tuimazy"]
[Date "2016.01.30"]
[Round "6"]
[White "Zemlyanov, Nikita Anatolievich"]
[Black "Mullagaliev, Nafis"]
[Result "1/2-1/2"]
[WhiteElo "2069"]
[BlackElo "2055"]
[PlyCount "48"]
[EventDate "2016.01.19"]
[EventType "tourn"]
[EventRounds "13"]
[EventCountry "RUS"]
[SourceTitle "CBM 170 Extra"]
[Source "ChessBase"]
[SourceDate "2016.02.25"]
[SourceVersion "1"]
[SourceVersionDate "2016.02.25"]
[SourceQuality "1"]

1. d4 d5 2. c4 c6 3. Nf3 e6 4. Nc3 dxc4 5. a4 Bb4 6. Bd2 a5 7. e3 b5 8. axb5 Bxc3 9. Bxc3 cxb5 10. b3 Bb7 11. d5 Nf6 12. bxc4 b4 13. Bxf6 Qxf6 14. Qa4+ Nd7 15. Nd4 Ke7 16. d6+ Kxd6 17. Rd1 Ke7 18. Nf5+ exf5 19. Qxd7+ Kf8 20. Qxb7 Qc3+ 21. Ke2 Qxc4+ 22. Ke1 Qc3+ 23. Ke2 Qc4+ 24. Ke1 Qc3+ 1/2-1/2

[Event "Tuimazy-ch"]
[Site "Tuimazy"]
[Date "2016.01.19"]
[Round "1"]
[White "Mullagaliev, Nafis"]
[Black "Latypov, Ramil"]
[Result "1-0"]
[WhiteElo "2055"]
[BlackElo "1809"]
[PlyCount "97"]
[EventDate "2016.01.19"]
[EventType "tourn"]
[EventRounds "13"]
[EventCountry "RUS"]
[SourceTitle "CBM 170 Extra"]
[Source "ChessBase"]
[SourceDate "2016.02.25"]
[SourceVersion "1"]
[SourceVersionDate "2016.02.25"]
[SourceQuality "1"]

1. d4 d5 2. Bg5 h6 3. Bh4 Nd7 4. e3 Ngf6 5. Bd3 e6 6. Nd2 Be7 7. f4 c5 8. c3 cxd4 9. exd4 Bd6 10. Nh3 0-0 11. 0-0 Qb6 12. Rb1 e5 13. Bxf6 Nxf6 14. fxe5 Bxe5 15. Kh1 Bc7 16. Ng1 Qd6 17. g3 Ng4 18. Qf3 f5 19. Nh3 Bd7 20. Rbe1 Nf6 21. Bxf5 Ne4 22. Nxe4 dxe4 23. Qg4 Rxf5 24. Rxf5 g6 25. Ref1 h5 26. Qg5 Bxf5 27. Rxf5 Bd8 28. Qf4 Qe7 29. Re5 Qd7 30. Qxe4 Kg7 31. Nf4 Qf7 32. Qd5 Bf6 33. Qxf7+ Kxf7 34. Rd5 g5 35. Nxh5 Re8 36. Nxf6 Re1+ 37. Kg2 Kxf6 38. Re5 Rd1 39. Re2 b5 40. Kf3 b4 41. Ke4 Ra1 42. cxb4 Rxa2 43. Kd5 a5 44. bxa5 Rxa5+ 45. Kc4 Kf5 46. Re5+ Rxe5 47. dxe5 Kxe5 48. h4 g4 49. Kd3 1-0

[Event "Sterlitamak Rochinskiy op"]
[Site "Sterlitamak"]
[Date "2012.06.29"]
[Round "8"]
[White "Mullagaliev, Nafis"]
[Black "Timofeev, Sergey2222"]
[Result "0-1"]
[WhiteElo "2090"]
[BlackElo "1903"]
[PlyCount "64"]
[EventDate "2012.06.22"]
[EventType "swiss"]
[EventRounds "9"]
[EventCountry "RUS"]
[SourceTitle "EXT 2013"]
[Source "ChessBase"]
[SourceDate "2012.11.22"]
[SourceVersion "1"]
[SourceVersionDate "2012.11.22"]
[SourceQuality "1"]

1. f4 d5 2. Nf3 Bf5 3. e3 e6 4. d4 c5 5. c3 Nc6 6. Nbd2 cxd4 7. exd4 Bd6 8. Nb3 h6 9. Be2 Nf6 10. 0-0 0-0 11. Ne5 Ne4 12. Re1 Bxe5 13. fxe5 Qb6 14. Bd3 Nxe5 15. Bxe4 dxe4 16. Qe2 Nd3 17. Rf1 Nxc1 18. Raxc1 Bg6 19. Nc5 Qc6 20. Qg4 Kh7 21. Rce1 f5 22. Qg3 b6 23. Nb3 Qc4 24. Qe5 a5 25. Ra1 Qd5 26. Qg3 Bh5 27. Qe3 g5 28. Rfe1 Bg6 29. Nd2 f4 30. Qe2 e3 31. Nf3 g4 32. Ne5 f3 0-1

[Event "Sterlitamak Rochinskiy op"]
[Site "Sterlitamak"]
[Date "2012.06.25"]
[Round "4"]
[White "Serkov, Nikolay"]
[Black "Mullagaliev, Nafis"]
[Result "0-1"]
[WhiteElo "2029"]
[BlackElo "2090"]
[PlyCount "44"]
[EventDate "2012.06.22"]
[EventType "swiss"]
[EventRounds "9"]
[EventCountry "RUS"]
[SourceTitle "EXT 2013"]
[Source "ChessBase"]
[SourceDate "2012.11.22"]
[SourceVersion "1"]
[SourceVersionDate "2012.11.22"]
[SourceQuality "1"]

1. e4 c6 2. d4 d5 3. Nc3 dxe4 4. Nxe4 Nf6 5. Nxf6+ gxf6 6. Bc4 Bf5 7. Ne2 e6 8. Ng3 Bd6 9. c3 Bg6 10. Bh6 Nd7 11. Qf3 Rg8 12. 0-0-0 Qa5 13. h4 Bxg3 14. Qxg3 0-0-0 15. Qe3 Nb6 16. Bb3 Qf5 17. Kd2 c5 18. f3 c4 19. g4 Qa5 20. Ra1 cxb3 21. axb3 Qb5 22. c4 Nxc4+ 0-1

[Event "Sterlitamak Rochinskiy op"]
[Site "Sterlitamak"]
[Date "2012.06.24"]
[Round "3"]
[White "Mullagaliev, Nafis"]
[Black "Vildanov, Ruslan"]
[Result "1/2-1/2"]
[WhiteElo "2090"]
[BlackElo "1888"]
[PlyCount "50"]
[EventDate "2012.06.22"]
[EventType "swiss"]
[EventRounds "9"]
[EventCountry "RUS"]
[SourceTitle "EXT 2013"]
[Source "ChessBase"]
[SourceDate "2012.11.22"]
[SourceVersion "1"]
[SourceVersionDate "2012.11.22"]
[SourceQuality "1"]

1. d4 Nf6 2. Bg5 d5 3. c3 c5 4. e3 Nc6 5. Bd3 Qb6 6. Qc1 e5 7. dxe5 Nxe5 8. Bc2 Ne4 9. Bf4 Bd6 10. Bxe5 Bxe5 11. Nf3 Bf6 12. Ba4+ Kf8 13. Nbd2 Bf5 14. 0-0 g6 15. Bc2 Qe6 16. Rd1 Kg7 17. Nf1 Bg4 18. Ng3 Bxf3 19. gxf3 Ng5 20. f4 Nf3+ 21. Kg2 Nh4+ 22. Kf1 Qh3+ 23. Ke2 Qg4+ 24. Kf1 Qh3+ 25. Ke2 d4 1/2-1/2

[Event "Sterlitamak Rochinskiy op"]
[Site "Sterlitamak"]
[Date "2012.06.22"]
[Round "1"]
[White "Mullagaliev, Nafis"]
[Black "Khatmullina, Dilara"]
[Result "1-0"]
[WhiteElo "2090"]
[BlackElo "1710"]
[PlyCount "47"]
[EventDate "2012.06.22"]
[EventType "swiss"]
[EventRounds "9"]
[EventCountry "RUS"]
[SourceTitle "EXT 2013"]
[Source "ChessBase"]
[SourceDate "2012.11.22"]
[SourceVersion "1"]
[SourceVersionDate "2012.11.22"]
[SourceQuality "1"]

1. f4 d5 2. Nf3 c5 3. e3 Nf6 4. d4 e6 5. c3 Be7 6. Bd3 0-0 7. Nbd2 c4 8. Bc2 b5 9. 0-0 a5 10. Ne5 b4 11. Qf3 Ra7 12. g4 Nfd7 13. Qh3 h6 14. g5 Bxg5 15. Nxd7 Nxd7 16. fxg5 Qxg5+ 17. Kh1 e5 18. Bf5 g6 19. e4 Nb6 20. Nxc4 Bxf5 21. exf5 Qd8 22. Nxb6 Qxb6 23. Bxh6 exd4 24. f6 1-0